00606nam a2200181Ia 4500003000900000008004100009040001600050080001500066100003100081245015900112260003300271300001400304650002400318650001300342650001900355700002900374700002100403IN-BaIIA211028s9999 xx 000 0 eng d cIIA Library a517.2bGRA aGranville, William Anthony 0aElements of the differential and integral calculuscWilliam Anthony Granville, Percey F. Smith and William Raymond Longley  aCalcuttabOxford & IBHc1957 axi, 556p. aAnalytical Geometry aCalculus aNASA Thesaurus aLongley, William Raymond aSmith, Percey F.